Normal view
MARC view
- Carrasco Puente, Rafael,
Entry Nombre Personal
001 - NUMERO DE CONTROL
- campo de control: 30209
003 - IDENTIFICADOR DE NUMERO DE CONTROL
- campo de control: DLC
005 - FECHA Y HORA DE LA ÜLTIMA TRANSACCIÓN
- campo de control: 20221027100703.0
008 - DATOS DE LONGITUD FIJA
- campo de control de longitud fija: 871106n| acannaabn || aaa c
010 ## - NÚMERO DE CONTROL DE LA BIBLIOTECA DEL CONGRESO
- Número de control LC: nr 87000621
035 ## - NUMERO DE CONTROL
- Número de control: (OCoLC)oca01983999
040 ## - FUENTE DE CATALOGACIÓN
- Agencia original de catalogación: NjP
- Lenguaje de catalogación: spa
- Agencia de transcripción: NjP
- Agencia que lo modifica: OCoLC
- Agencia que lo modifica: MX-MxUPN
100 1# - ENCABEZAMIENTO - NOMBRE PERSONAL
- Nombre personal: Carrasco Puente, Rafael,
- Fechas asociadas con el nombre: 1902-
670 ## - FUENTE EN LA QUE SE LOCALIZARON DATOS
- Cita de la fuente: Iconografía de hacienda, secretarios y encargados del ramo, 1948:
- Información localizada: portada (el C. Rafael Carrasco Puente; jefe de la Hemeroteca Nacional de México)
670 ## - FUENTE EN LA QUE SE LOCALIZARON DATOS
- Cita de la fuente: NUC pre-56
- Información localizada: (Carrasco Puente, Rafael, 1902- )
670 ## - FUENTE EN LA QUE SE LOCALIZARON DATOS
- Cita de la fuente: Iconografía de educación, 1905-1946, 1946:
- Información localizada: portada (Rafael Carrasco Puente)
902 ## - CATALOGADOR
- Catalogador: Víctor Ruiz/271022
